Vida del Ilustrísimo Señor D. Manuel Vicuña Larraín: Primer Arzobispo de Santiago de Chile

সংরক্ষণ করুন:
গ্রন্থ-পঞ্জীর বিবরন
প্রধান লেখক: Vicuña, Alejandro (Author)
বিন্যাস: গ্রন্থ
ভাষা:স্প্যানিশ
প্রকাশিত: Santiago Imprenta San Buenaventura 1912
সংস্করন:1a. ed
বিষয়গুলি:
ট্যাগগুলো: ট্যাগ যুক্ত করুন
কোনো ট্যাগ নেই, প্রথমজন হিসাবে ট্যাগ করুন!

MARC

LEADER 00000nam a2200000 a 4500
001 UCJ4195
003 CL-VaPUC
008 070124e19120000CL |||||||||||||||||spa|d
082 0 4 |a 922  |b VIC  |2 21 
100 0 |a Vicuña, Alejandro  |e author  |9 507371 
245 1 0 |a Vida del Ilustrísimo Señor D. Manuel Vicuña Larraín: Primer Arzobispo de Santiago de Chile 
250 |a 1a. ed 
300 |a 173 p 
942 |c BK 
945 |d 20070124 00:00:00  |a rinostro 
260 |a Santiago  |b Imprenta San Buenaventura  |c 1912 
500 |a Retrato de Dn. Manuel Vicuña Larraín 
600 0 7 |a VICUÑA LARRAIN, MANUEL  |2 CL-VaPUC  |9 393480 
650 7 |a BIOGRAFIA  |2 CL-VaPUC  |9 504622 
650 7 |a PASTORAL  |2 CL-VaPUC  |9 397996 
650 0 |a Iglesia Católica  |9 256114 
650 0 |a Iconografía   |9 267998 
650 0 |a Genealogía  |9 255285 
651 7 |a CHILE  |2 CL-VaPUC  |9 507372 
651 0 |a Santiago  |9 265444 
583 |a last modification  |c 20070124 00:00:00  |k Rodrigo Vera 
999 |c 320312  |d 320310 
952 |0 0  |1 0  |4 0  |6 922_000000000000000_VIC_1912  |7 0  |8 X  |9 398809  |a FDOBUD  |b FDOBUD  |d 2019-11-22  |i 1015117  |o 922 VIC 1912  |p 1015117  |r 2019-11-22  |w 2019-11-22  |y BK_X  |k BUD